• 首页
  • 本馆介绍
  • 公告通知
  • 最新文献
  • 馆藏检索
  • 电子资源
  • 读者导购
  • 参考咨询
  • 我的图书馆
  • 登录
  • 详细信息显示
  • 放入我的书架
  • 预约/预借图书
  • 作者相关作品
  • 分类相关作品
  • 丛书相关作品
  • 出版社相关作品

书目信息

  • 表格格式
  • 工作单格式
  • 卡片格式
题名:
邓小平理论和三个代表重要思想概论学习纲要
    
 
作者: 李玲等 著
分册:  
出版信息: 北京   北京大学出版社  2006.11
页数:
开本: 21cm
丛书名:
单 册:
中图分类: A849 , D261
科图分类:
主题词: 邓小平理论--概论--高等学校--教学参考资料 , “三个代表”思想--概论--高等学校--教学参考资料
电子资源:
ISBN: 7-301-10846-X
000 00809nam0 2200241 450
001 1533654662
005 20150125152553.82
010    @a7-301-10846-X@dCNY8.00JY.00
100    @a20120114d2006 em y0chiy0110 ea
101 0  @achi
102    @aCN@b110000
105    @ay z 000yy
200 1  @a邓小平理论和三个代表重要思想概论学习纲要@9deng xiao ping li lun he san ge dai biao zhong yao si xiang gai lun xue xi gang yao@f李玲等著
210    @a北京@c北京大学出版社@d2006.11
215    @d21cm
330    @a本书作者为新疆工业高等专科学校等单位的教师。
606 0  @a邓小平理论@x概论@x高等学校@j教学参考资料
606 0  @a“三个代表”思想@x概论@x高等学校@j教学参考资料
690    @aA849@v5
690    @aD261@v5
701  0 @a李玲等@9li ling deng@4著
801  0 @aCN@bTSSF@c20150125
905    @aZUCC@dA849@eJY6
    
    邓小平理论和三个代表重要思想概论学习纲要/李玲等著.-北京:北京大学出版社,2006.11
    21cm
    
    
    ISBN 7-301-10846-X:CNY8.00JY.00
    本书作者为新疆工业高等专科学校等单位的教师。
●
相关链接 在E读中查询图书 在五车中查询图书 在当当中查询图书 在豆瓣中查询图书


正题名:邓小平理论和三个代表重要思想概论学习纲要     索取号:A849/JY6         预约/预借

序号 登录号 条形码 馆藏地/架位号 状态 备注
1 7853916   278539164   学院路分馆/ [索取号:A849/JY6] 在馆    
2 7853917   278539173   学院路分馆/ [索取号:A849/JY6] 在馆    
3 7853918   278539182   学院路分馆/ [索取号:A849/JY6] 在馆    
4 7853960   278539609   学院路分馆/ [索取号:A849/JY6] 在馆    
唐山师范学院图书馆 欢迎您!
大连网信软件有限公司© 版权所有